000 01108nam a2200313 a 4500
001 000114785
003 CHAP
005 20220519155828.0
008 180413s2018 mx sm |||||||spa d
010 _a111246
011 _a112218
040 _cCHAP
090 _aTesis
100 1 _aNavarrete Parra, Juan Antonio
_9135106
245 1 0 _aAdición de proteasas protegidas en dietas para cerdos en crecimiento-finalización
_h[En línea]
_cJuan Antonio Navarrete Parra.
260 _aChapingo, Méx. :
_bEl autor,
_c2018.
500 _aPara ver el contenido del material haga clic en la liga
502 _aTesis (Ing. Agr. Esp. en Zootecnia) -- UACH. Departamento de Zootecnia
590 _aE6339RRR
_b05
_c20180413
590 _aE6339RRR
_b05
_c20180413
590 _aE6339RRR
_b05
_c20180413
650 1 4 _aGanado porcino
_xCrecimiento
_xSuplementos.
_9132053
650 1 4 _aGanado porcino
_xEngorda.
_945362
650 1 4 _aGanado porcino
_xNutrición.
_945390
856 _aFinding aid
_uhttp://10.13.5.2/tesis/sist114785.pdf
_zTeclea aquí
901 _aBK
942 _cLIBRO
_2ddc
942 _n0
_2ddc
999 _c111246
_d111246